QUEST Central Library Banner

Electrical Machines / (Record no. 9566)

MARC details
000 -LEADER
fixed length control field 00417nam a2200145 a 4500
100 1# - MAIN ENTRY--AUTHOR NAME
Personal name Mukherjee, P. K.
245 10 - TITLE STATEMENT
Title Electrical Machines /
260 ## - PUBLICATION, DISTRIBUTION, ETC. (IMPRINT)
Place of publication [S.l.] :
Name of publisher Dhanpat Rai,
Year of publication 1996.
300 ## - PHYSICAL DESCRIPTION
Number of Pages 1 v. (unpaged) ;
650 ## - SUBJECT ADDED ENTRY--TOPICAL TERM
Topical Term Electrical Machines
700 ## - ADDED ENTRY--PERSONAL NAME
Personal name Chakravorti, S.
856 40 - ELECTRONIC LOCATION AND ACCESS
Uniform Resource Identifier http://www.amazon.com/exec/obidos/ASIN/B003D2BFUQ/chopaconline-20
942 ## - ADDED ENTRY ELEMENTS (KOHA)
Koha item type Books
Holdings
Withdrawn status Lost status Home library Current library Date acquired Cost, normal purchase price Full call number Accession Number Koha item type
    Central Library, QUEST, Nawabshah Central Library, QUEST, Nawabshah 08/09/2014 185.00 CHA 17800 Books
    Central Library, QUEST, Nawabshah Central Library, QUEST, Nawabshah 08/09/2014 185.00 CHA 17801 Books

Copyright © 2018,The QUEST, Nawabshah, Shaheed Benazirabad. All rights reserved
Mr. G. Farooq Channar (Librarian) QUEST, Nawabshah, Sindh, Pakistan 67480.
 Ph#: |   0244-9370381-4 Ext. 2308   Email| lib@quest.edu.pk   Web|  http://www.quest.edu.pk